K jubileu Ing. Blažeja Náthera, CSc.

Bibliographic Details
Main Author: J.Sz (Author)
Format: Article
Language:Slovak
ISSN:0042-790X
Subjects:

MARC

LEADER 00000nab a2200000 a 4500
001 vtls000720680
003 SK-MaSNL
005 20260304182316.0
008 250429c1999 xo 0 slo
015 |a SNBRB2000/05-11092 
035 |a CLN000072847 
035 |a urn:nbn:sk:snk-abjq1 
035 |a (urnnbn)urn:nbn:sk:snk:ar-a04s10 
035 |a (uuid)ba4e4258-4edc-4e37-8d97-419c2283e2ad 
040 |a SNKBUCL  |b slo  |c SNKBUCL  |e AACR2 
041 0 |a slo 
044 |a xo  |c SK 
080 |a 556-051  |2 1997 
080 |a 929 Náther, Blažej  |2 1997 
100 0 |a J.Sz.  |4 aut  |9 1513261 
245 1 0 |a K jubileu Ing. Blažeja Náthera, CSc.  |c [autor] J.Sz. 
600 1 7 |a Náther, Blažej,  |d 1924-2005  |2 snkbucl  |9 260015 
655 7 |a články z novín a časopisov  |2 snkbucl  |9 267496 
773 0 |t Journal of hydrology and hydromechanics  |g Roč. 47, č. 6 (1999), s. 471-472  |x 0042-790X 
850 |a Slovenská národná knižnica 
852 |a Slovenská národná knižnica 
954 |a odborná, vedecká literatúra pôvodná (slovenská)  |2 lita 
958 |a article27 
958 |a SK 
958 |a BX 
958 |a OND 
958 |a EUIPO 
999 |c 3028621  |d 3030551